U.S. States by Emojis - Statistics

General Stats
  • This quiz has been taken 224 times
  • The average score is 16 of 30
Answer Stats
Hint Answer % Correct
๐Ÿ—ฝ๐Ÿš•๐Ÿ™๏ธ๐ŸŒญ New York
98%
๐ŸŽฌ๐ŸŒดโ˜€๏ธ๐Ÿ„๐Ÿผ California
96%
๐Ÿ๐ŸŒธ๐ŸŒ‹๏ธโ€๐ŸŒˆ Hawaii
87%
๐ŸŠ๐ŸŒด๐Ÿฌโ˜€๏ธ Florida
79%
๐ŸŽท๐ŸŒถ๏ธโšœ๏ธ๐ŸŠ Louisiana
78%
๐ŸŽฐ๐Ÿ‘ ๐ŸŒต๐Ÿ‘ฝ Nevada
75%
๐Ÿ”๏ธโ„๏ธ๐Ÿป๐ŸŸ Alaska
70%
๐Ÿ””๐Ÿ“œ๐ŸŽ๐Ÿซ Pennsylvania
69%
๐Ÿ‘ข๐Ÿฎ๐ŸŒฎ๐Ÿ›ข๏ธ Texas
69%
๐Ÿ‘๐Ÿฅœโ€โœˆ๏ธโ˜€๏ธ Georgia
66%
๐ŸŽธ๐Ÿ‘ข๐ŸŽค๐Ÿบ Tennessee
61%
๐Ÿง€๐Ÿบ๐Ÿฆก๐Ÿšœ Wisconsin
61%
๐Ÿฆž๐ŸŒฒ๐Ÿฅ”๐ŸฆŒ Maine
57%
๐Ÿ‘จ๐Ÿปโ€๐Ÿฆฒ๐Ÿงช๐Ÿ‘ฝโ˜ข๏ธ New Mexico
55%
๐ŸŒช๏ธ๐Ÿน๐ŸŒพ๐Ÿค  Oklahoma
54%
๐ŸŒฒโ„๏ธ๐Ÿฆ†๐Ÿ’ Minnesota
53%
๐Ÿโ›ชโ›ท๏ธ๐ŸŒต Utah
51%
๐Ÿฅ”โ›ท๏ธโ›ฐ๏ธ๐Ÿ›ถ Idaho
50%
๐Ÿ๐ŸŒฝ๐Ÿ€๐Ÿญ Indiana
49%
๐ŸŒฒโ›ฐ๏ธ๐ŸŸโ˜• Washington
47%
โš“โ›ต๐ŸŸ๐Ÿค Rhode Island
41%
๐Ÿฆƒ๐Ÿซโ˜˜๏ธ๐Ÿฉ Massachusetts
40%
๐ŸŽญ๐Ÿ•๐ŸŒฝโ›ฒ Illinois
38%
๐Ÿš—๐Ÿš๏ธ๐ŸฆŒ๐Ÿ’ Michigan
37%
๐ŸŒ™๐ŸŒด๐Ÿ–๏ธ๐Ÿค South Carolina
31%
๐Ÿ๐ŸŒฒโ›ฐ๏ธ๐Ÿ„ Vermont
30%
๐ŸŒฐ๐Ÿš€๐ŸŽข๐Ÿ’ก Ohio
29%
๐Ÿ›๏ธ๐Ÿšฌ๐Ÿƒ๐Ÿ‘‘ Virginia
25%
โšซโ›๏ธโ›ฐ๏ธ๐Ÿ’Š West Virginia
18%
๐Ÿ’Ž๐Ÿš๐ŸŽท๐Ÿถ Arkansas
15%
No matching quizzes found
Score Distribution
Percent of People with Each Score
Percentile by Number Answered
Your Score History
You have not taken this quiz